[Event "32. Copenhagen Open (Politiken Cup)"]
[Site "Elsinore"]
[Date "2010.08.05"]
[Round "7"]
[White "Laursen, Niels Norskov"]
[Black "Jorgensen, Carina Eilegaard"]
[Result "1-0"]
[WhiteElo "2215"]
[BlackElo "2038"]
[PlyCount "67"]
[EventDate "2010.07.31"]
[EventType "swiss"]
[EventRounds "10"]
[EventCountry "DEN"]
[Source "ChessBase"]
[SourceDate "2010.09.01"]

1. e4 c6 2. d4 d5 3. e5 Bf5 4. Nd2 e6 5. Nb3 Nd7 6. Nf3 Ne7 7. Be2 Ng6 8. O-O
Be7 9. Ne1 Ngf8 10. Be3 h6 11. a4 a5 12. Nd3 Nh7 13. Qc1 Ng5 14. Nf4 O-O 15. g4
Bh7 16. Kg2 c5 17. f3 cxd4 18. Bxd4 f6 19. exf6 Bxf6 20. h4 Bxd4 21. Nxd4 Qf6
22. hxg5 Qxf4 23. Qxf4 Rxf4 24. Nxe6 Rb4 25. Bb5 Nb6 26. gxh6 gxh6 27. Rh1 Rxb2
28. Rxh6 Nc4 29. Rah1 Bxc2 30. Kg3 Kf7 31. Nd4 Na3 32. Nxc2 Nxb5 33. Rh7+ Ke6
34. R1h6+ 1-0

[Event "32. Copenhagen Open (Politiken Cup)"]
[Site "Elsinore"]
[Date "2010.08.05"]
[Round "7"]
[White "Lundberg, Roland"]
[Black "Nielsen, Palle"]
[Result "1-0"]
[WhiteElo "2006"]
[BlackElo "1851"]
[PlyCount "79"]
[EventDate "2010.07.31"]
[EventType "swiss"]
[EventRounds "10"]
[EventCountry "DEN"]
[Source "ChessBase"]
[SourceDate "2010.09.01"]

1. c4 Nf6 2. Nf3 Nc6 3. g3 e5 4. d3 Bc5 5. Nc3 O-O 6. Bg2 Re8 7. O-O a6 8. Ng5
d6 9. Bd2 Ne7 10. Qc2 c6 11. Rac1 Nf5 12. Nge4 Nxe4 13. dxe4 Nd4 14. Qd3 Bg4
15. h3 Bh5 16. g4 Bg6 17. Na4 Ba7 18. e3 Ne6 19. Bb4 c5 20. Bd2 Qe7 21. Nc3 Nc7
22. f4 f6 23. f5 Bf7 24. Kh1 Red8 25. Rg1 Qe8 26. Bf3 b5 27. b3 bxc4 28. bxc4
Rab8 29. Rb1 Rxb1 30. Rxb1 Qc6 31. Bd1 Na8 32. Ba4 Qc7 33. Nd5 Bxd5 34. Qxd5+
Qf7 35. Qxf7+ Kxf7 36. Rb7+ Kf8 37. Rxa7 Nb6 38. Bb3 Ra8 39. Rb7 Nc8 40. Ba5
1-0

[Event "32. Copenhagen Open (Politiken Cup)"]
[Site "Elsinore"]
[Date "2010.08.05"]
[Round "7"]
[White "Macieja, Bartlomiej"]
[Black "Danielsen, Henrik"]
[Result "1/2-1/2"]
[WhiteElo "2639"]
[BlackElo "2512"]
[PlyCount "103"]
[EventDate "2010.07.31"]
[EventType "swiss"]
[EventRounds "10"]
[EventCountry "DEN"]
[Source "ChessBase"]
[SourceDate "2010.09.01"]

1. e4 c6 2. d4 d5 3. Nc3 dxe4 4. Nxe4 Bf5 5. Ng3 Bg6 6. h4 h6 7. Nf3 Nd7 8. h5
Bh7 9. Bd3 Bxd3 10. Qxd3 e6 11. Bf4 Qa5+ 12. Bd2 Qc7 13. O-O-O Ngf6 14. Ne4
O-O-O 15. g3 Nxe4 16. Qxe4 Be7 17. c4 Rhe8 18. Kb1 Kb8 19. Qh7 Rg8 20. Qc2 Ka8
21. Bc3 Bf6 22. Rhe1 Rge8 23. Rd2 Kb8 24. Red1 Kc8 25. a3 Rh8 26. Nh2 c5 27. d5
exd5 28. cxd5 Bxc3 29. Qxc3 Qe5 30. Qxe5 Nxe5 31. Re2 Nd7 32. Ng4 Rde8 33. Rc2
Kb8 34. Rc4 Ne5 35. Rf4 Nxg4 36. Rxg4 Rhg8 37. d6 Rd8 38. Kc2 b6 39. b4 cxb4
40. axb4 Rd7 41. Kb3 f6 42. Re4 Rgd8 43. Re6 b5 44. Rd5 a6 45. Kc3 Rc8+ 46. Kd3
Kb7 47. Re7 Rxe7 48. dxe7 Re8 49. Rd7+ Kc6 50. Ra7 Kb6 51. Rd7 Kc6 52. Ra7
1/2-1/2

[Event "32. Copenhagen Open (Politiken Cup)"]
[Site "Elsinore"]
[Date "2010.08.05"]
[Round "7"]
[White "Mollmann, Erik"]
[Black "Andersen, Dag"]
[Result "0-1"]
[WhiteElo "1698"]
[BlackElo "1899"]
[PlyCount "96"]
[EventDate "2010.07.31"]
[EventType "swiss"]
[EventRounds "10"]
[EventCountry "DEN"]
[Source "ChessBase"]
[SourceDate "2010.09.01"]

1. d4 Nf6 2. Bf4 e6 3. e3 c5 4. c3 b6 5. Nf3 Bb7 6. Bd3 Be7 7. O-O O-O 8. Nbd2
d6 9. Qc2 cxd4 10. exd4 Nc6 11. Ne4 g6 12. Rfe1 Rc8 13. Rad1 Nb4 14. Qb1 Nxd3
15. Nxf6+ Bxf6 16. Qxd3 Re8 17. Bg3 Qd7 18. Nd2 b5 19. Ne4 Be7 20. h4 f5 21.
Ng5 Bf6 22. f4 h6 23. Nf3 Bd5 24. Nd2 a5 25. b3 Qc6 26. c4 bxc4 27. bxc4 Bxc4
28. Nxc4 Qxc4 29. Qxc4 Rxc4 30. d5 e5 31. fxe5 dxe5 32. d6 e4 33. d7 Rd8 34.
Re2 Rd4 35. Rc1 R8xd7 36. Rc6 Kf7 37. Ra6 a4 38. Rc2 Rd3 39. Kh2 Bg7 40. Rxa4
g5 41. hxg5 hxg5 42. Ra5 R3d5 43. Ra6 f4 44. Be1 g4 45. Bc3 Rh5+ 46. Kg1 g3 47.
Be1 Rd1 48. Re2 Bd4+ 0-1

[Event "32. Copenhagen Open (Politiken Cup)"]
[Site "Elsinore"]
[Date "2010.08.05"]
[Round "7"]
[White "Nielsen, Borge Hjerrild"]
[Black "Fjellengen, Baard"]
[Result "1-0"]
[WhiteElo "2067"]
[BlackElo "1909"]
[PlyCount "91"]
[EventDate "2010.07.31"]
[EventType "swiss"]
[EventRounds "10"]
[EventCountry "DEN"]
[Source "ChessBase"]
[SourceDate "2010.09.01"]

1. d4 f5 2. Nf3 Nf6 3. g3 e6 4. Bg2 d5 5. O-O Bd6 6. Bf4 O-O 7. Nbd2 c6 8. c4
Qc7 9. e3 b6 10. Rc1 Ba6 11. Re1 Nbd7 12. Qa4 Bb7 13. Qc2 Ne4 14. a3 c5 15.
Bxd6 Qxd6 16. cxd5 exd5 17. Red1 Qe7 18. dxc5 bxc5 19. Nb1 Nb6 20. Nc3 Rac8 21.
Qb1 Rfd8 22. Qa2 Kh8 23. h4 Qf6 24. a4 a5 25. Nb5 h6 26. b3 c4 27. Nfd4 Nc5 28.
bxc4 dxc4 29. Bxb7 Nxb7 30. Qc2 Rd5 31. Nc3 Re5 32. Rb1 Nc5 33. Rb5 Ne4 34.
Rxe5 Qxe5 35. Ndb5 Nxc3 36. Nxc3 Rc6 37. Rd4 Qc5 38. Rd8+ Kh7 39. Nd5 Kg6 40.
g4 Rf6 41. Nxf6 gxf6 42. Rd4 c3 43. Kf1 h5 44. Qxf5+ Qxf5 45. gxf5+ Kxf5 46.
Ke2 1-0

[Event "32. Copenhagen Open (Politiken Cup)"]
[Site "Elsinore"]
[Date "2010.08.05"]
[Round "7"]
[White "Nielsen, Jan Mose"]
[Black "Dyrgaard, Kristoffer"]
[Result "0-1"]
[WhiteElo "2120"]
[BlackElo "2254"]
[PlyCount "68"]
[EventDate "2010.07.31"]
[EventType "swiss"]
[EventRounds "10"]
[EventCountry "DEN"]
[Source "ChessBase"]
[SourceDate "2010.09.01"]

1. d4 Nf6 2. c4 g6 3. Nc3 d5 4. Nf3 Bg7 5. Qb3 dxc4 6. Qxc4 O-O 7. e4 Nc6 8.
Bf4 Nh5 9. Be3 Bg4 10. Rd1 Bxf3 11. gxf3 e5 12. d5 Nd4 13. Bxd4 exd4 14. Ne2 c6
15. dxc6 bxc6 16. Ng3 Nf4 17. Ne2 Nxe2 18. Bxe2 Rb8 19. b4 a5 20. a3 axb4 21.
axb4 Qd6 22. Rb1 Rb6 23. O-O Rfb8 24. Rfc1 Qf4 25. Kg2 Be5 26. Kf1 Qxh2 27. Bd3
Qf4 28. Ke2 Qf6 29. Rc2 h5 30. Rbc1 Kg7 31. Ra2 Rxb4 32. Qxc6 Rb2+ 33. Rxb2
Rxb2+ 34. Rc2 Qxc6 0-1

[Event "32. Copenhagen Open (Politiken Cup)"]
[Site "Elsinore"]
[Date "2010.08.05"]
[Round "7"]
[White "Nielsen, Klaus"]
[Black "Gupta, Sudhir Kumar"]
[Result "1-0"]
[WhiteElo "2095"]
[BlackElo "1835"]
[PlyCount "63"]
[EventDate "2010.07.31"]
[EventType "swiss"]
[EventRounds "10"]
[EventCountry "DEN"]
[Source "ChessBase"]
[SourceDate "2010.09.01"]

1. d4 Nf6 2. Nf3 d5 3. e3 e6 4. Bd3 c5 5. c3 Nc6 6. Nbd2 Be7 7. O-O O-O 8. Qe2
Bd7 9. dxc5 Bxc5 10. e4 dxe4 11. Nxe4 Be7 12. Bf4 Nd5 13. Bd2 f5 14. Neg5 Bxg5
15. Nxg5 Qf6 16. f4 h6 17. Nf3 Rae8 18. Rae1 a6 19. a4 Nb6 20. Bc2 Kh8 21. Kh1
Nd5 22. c4 Ndb4 23. Bc3 Qe7 24. Bb1 Qc5 25. Nh4 Kh7 26. Qh5 Ne7 27. Rf3 Bc6 28.
Rg3 Rg8 29. Ng6 Qxc4 30. Nxe7 g6 31. Qxh6+ Kxh6 32. Rh3# 1-0

[Event "32. Copenhagen Open (Politiken Cup)"]
[Site "Elsinore"]
[Date "2010.08.05"]
[Round "7"]
[White "Nielsen, Lars Aaes"]
[Black "Stray, Gunnar"]
[Result "1/2-1/2"]
[WhiteElo "2279"]
[BlackElo "2055"]
[PlyCount "86"]
[EventDate "2010.07.31"]
[EventType "swiss"]
[EventRounds "10"]
[EventCountry "DEN"]
[Source "ChessBase"]
[SourceDate "2010.09.01"]

1. d4 d5 2. Nf3 Nf6 3. e3 g6 4. Bd3 Bg7 5. O-O O-O 6. Nbd2 Nbd7 7. c3 c5 8. Re1
b6 9. e4 dxe4 10. Nxe4 cxd4 11. Nxd4 Bb7 12. Qe2 Ne5 13. Nxf6+ Bxf6 14. Be4 Qc8
15. Bf4 Nd7 16. Nb5 Bxe4 17. Qxe4 Nc5 18. Qf3 Qd7 19. Nc7 Rad8 20. Red1 Nd3 21.
Qe3 Qf5 22. Bh6 Nxb2 23. Rdb1 Rd3 24. Qe2 Rc8 25. Rxb2 Rxc7 26. Rd2 Rcd7 27.
Rad1 Rxd2 28. Rxd2 Qb1+ 29. Qf1 Qxf1+ 30. Kxf1 Rxd2 31. Bxd2 Kf8 32. c4 Ke8 33.
Ke2 Kd7 34. Kd3 Kc6 35. a4 a6 36. h3 Be5 37. Be3 Bd6 38. f3 f5 39. g4 e5 40.
Bf2 Bc5 41. Bh4 h5 42. Bg5 Bd6 43. Be3 Bc5 1/2-1/2

[Event "32. Copenhagen Open (Politiken Cup)"]
[Site "Elsinore"]
[Date "2010.08.05"]
[Round "7"]
[White "Nielsen, Preben"]
[Black "Pedersen, Hans Buus"]
[Result "0-1"]
[WhiteElo "1911"]
[BlackElo "2144"]
[PlyCount "109"]
[EventDate "2010.07.31"]
[EventType "swiss"]
[EventRounds "10"]
[EventCountry "DEN"]
[Source "ChessBase"]
[SourceDate "2010.09.01"]

1. d4 Nf6 2. c4 e6 3. Nf3 d5 4. e3 Be7 5. b3 O-O 6. Be2 Ne4 7. O-O f5 8. Ne5
Nd7 9. f3 Ng5 10. Nd2 Nxe5 11. dxe5 Bc5 12. Nb1 c6 13. cxd5 cxd5 14. Qd3 Qb6
15. Nc3 Bd7 16. Kh1 Nf7 17. f4 a6 18. a4 Rac8 19. Bd1 Rfd8 20. Ne2 Rc7 21. Bd2
Rdc8 22. Re1 Nd8 23. a5 Qb5 24. Qb1 Bb4 25. Nd4 Qc5 26. Qb2 Bc3 27. Bxc3 Qxc3
28. Qxc3 Rxc3 29. Kg1 Nc6 30. Nxc6 Bxc6 31. Ra2 Bb5 32. Kf2 Kf8 33. Rb2 Ke7 34.
g4 fxg4 35. Bxg4 Rc2+ 36. Rxc2 Rxc2+ 37. Kg3 Rb2 38. f5 Rxb3 39. fxe6 d4 40.
Kf4 Rxe3 41. Rxe3 dxe3 42. Kxe3 Bc6 43. Kd4 g6 44. h4 Bg2 45. h5 gxh5 46. Bxh5
Kxe6 47. Bg4+ Ke7 48. Kc5 Bc6 49. Kd4 Kd8 50. Kc5 Ke7 51. Kd4 Kd8 52. Kc5 Kc7
53. e6 Be8 54. Kd5 h5 55. Ke5 0-1

[Event "32. Copenhagen Open (Politiken Cup)"]
[Site "Elsinore"]
[Date "2010.08.05"]
[Round "7"]
[White "Nielsen, Rogvi Egilstoft"]
[Black "Hansen, Morten Moller"]
[Result "1-0"]
[WhiteElo "2062"]
[BlackElo "2154"]
[PlyCount "95"]
[EventDate "2010.07.31"]
[EventType "swiss"]
[EventRounds "10"]
[EventCountry "DEN"]
[Source "ChessBase"]
[SourceDate "2010.09.01"]

1. e4 c5 2. c3 Qa5 3. Nf3 d6 4. Bc4 e6 5. O-O b5 6. Bb3 c4 7. Bc2 Nd7 8. d4
cxd3 9. Qxd3 Bb7 10. a4 Nc5 11. Qxb5+ Qxb5 12. axb5 Nxe4 13. Be3 a6 14. bxa6
Rxa6 15. Rxa6 Bxa6 16. Bxe4 Bxf1 17. Kxf1 d5 18. Bc2 Bd6 19. b4 Nf6 20. Na3 Ng4
21. Ba7 Ke7 22. h3 Ne5 23. Nxe5 Bxe5 24. Nb5 Ra8 25. Ke2 Kd7 26. Kd3 Kc6 27. c4
Rc8 28. Bc5 Ra8 29. Nd4+ Bxd4 30. Kxd4 Ra2 31. cxd5+ exd5 32. Bb3 Rd2+ 33. Kc3
Re2 34. Ba4+ Kc7 35. Bc2 g6 36. Kd3 Re4 37. Kd2 Rf4 38. Ke3 Rc4 39. Kd2 Rf4 40.
Bd3 h5 41. Kc3 Rf6 42. b5 g5 43. Be2 h4 44. Bf3 Rf5 45. Kd4 g4 46. hxg4 Rf6 47.
b6+ Kc8 48. Bxd5 1-0

[Event "32. Copenhagen Open (Politiken Cup)"]
[Site "Elsinore"]
[Date "2010.08.05"]
[Round "7"]
[White "Nilsson, Anders1"]
[Black "Andersen, Harry"]
[Result "1-0"]
[WhiteElo "2160"]
[BlackElo "1871"]
[PlyCount "69"]
[EventDate "2010.07.31"]
[EventType "swiss"]
[EventRounds "10"]
[EventCountry "DEN"]
[Source "ChessBase"]
[SourceDate "2010.09.01"]

1. d4 Nf6 2. c4 g6 3. Nc3 d5 4. Bg5 dxc4 5. e3 Bg7 6. Bxc4 O-O 7. Nf3 c5 8. d5
Nbd7 9. e4 h6 10. Bd2 Ng4 11. O-O a6 12. a4 Qc7 13. h3 Nge5 14. Be2 Kh7 15.
Nxe5 Bxe5 16. f4 Bd4+ 17. Kh1 Nf6 18. e5 Ng8 19. Bd3 f5 20. Qb3 Bxc3 21. bxc3
e6 22. d6 Qd8 23. Be2 g5 24. g3 b6 25. Bf3 Rb8 26. Be3 Bb7 27. Qxe6 g4 28. hxg4
Bxf3+ 29. Rxf3 fxg4 30. Qxg4 Qe8 31. d7 Qf7 32. Rd1 Ne7 33. Rd6 Rg8 34. Qh3 Rg6
35. d8=Q 1-0

[Event "32. Copenhagen Open (Politiken Cup)"]
[Site "Elsinore"]
[Date "2010.08.05"]
[Round "7"]
[White "Ochsner, Bjorn Moller"]
[Black "Unzicker, Ferdinand"]
[Result "1/2-1/2"]
[WhiteElo "2165"]
[BlackElo "2324"]
[PlyCount "113"]
[EventDate "2010.07.31"]
[EventType "swiss"]
[EventRounds "10"]
[EventCountry "DEN"]
[Source "ChessBase"]
[SourceDate "2010.09.01"]

1. e4 e6 2. d4 d5 3. Nc3 Nf6 4. e5 Nfd7 5. f4 c5 6. Nf3 Nc6 7. Be3 Be7 8. Qd2
O-O 9. Be2 a6 10. O-O b5 11. a3 Qc7 12. Rad1 Bb7 13. Qe1 Rac8 14. Qf2 cxd4 15.
Nxd4 Nxd4 16. Bxd4 Bc5 17. Bd3 f6 18. exf6 Rxf6 19. Qe3 Bxd4 20. Qxd4 Rcf8 21.
g3 g5 22. fxg5 Rxf1+ 23. Rxf1 Rxf1+ 24. Bxf1 Qd8 25. Bg2 Qxg5 26. Ne2 Qe5 27.
Qxe5 Nxe5 28. Nf4 Nc4 29. Nxe6 Nxb2 30. Nc5 Bc6 31. Nxa6 Nc4 32. Nb4 Bb7 33.
Bxd5+ Bxd5 34. Nxd5 Nxa3 35. Ne3 Kf7 36. Kf2 Ke6 37. Ke2 Kd6 38. Kd3 Kc5 39. c3
Kd6 40. Kd2 Kc5 41. Kc1 b4 42. cxb4+ Kxb4 43. Nd5+ Kc4 44. Nf6 Kd3 45. Nxh7 Ke3
46. g4 Kf4 47. g5 Kf5 48. h4 Nc4 49. h5 Ne5 50. Kd1 Nf7 51. g6 Nh6 52. Ke2 Kg4
53. Nf6+ Kg5 54. Kf3 Kxf6 55. Kf4 Kg7 56. Kg5 Ng8 57. Kf5 1/2-1/2

[Event "32. Copenhagen Open (Politiken Cup)"]
[Site "Elsinore"]
[Date "2010.08.05"]
[Round "7"]
[White "Ostergaard, Rasmus"]
[Black "Eisele, Per"]
[Result "0-1"]
[WhiteElo "2145"]
[BlackElo "1804"]
[PlyCount "50"]
[EventDate "2010.07.31"]
[EventType "swiss"]
[EventRounds "10"]
[EventCountry "DEN"]
[Source "ChessBase"]
[SourceDate "2010.09.01"]

1. d4 Nc6 2. d5 Ne5 3. e4 e6 4. f4 Ng6 5. dxe6 fxe6 6. Nf3 Bc5 7. Nc3 Nh6 8. f5
exf5 9. Bg5 Be7 10. Bxh6 gxh6 11. exf5 Nh4 12. Ne5 O-O 13. Bc4+ Kh8 14. O-O
Bc5+ 15. Kh1 Qf6 16. Nxd7 Bxd7 17. Qxd7 Rad8 18. Qe6 Qg7 19. Qe4 Rd4 20. f6 Qg5
21. Qe2 Rxc4 22. g3 Rxc3 23. Rad1 Re3 24. gxh4 Rxe2 25. hxg5 hxg5 0-1

[Event "32. Copenhagen Open (Politiken Cup)"]
[Site "Elsinore"]
[Date "2010.08.05"]
[Round "7"]
[White "Pawlak, Wojciech Zbignew"]
[Black "Larsen, Eigil"]
[Result "0-1"]
[WhiteElo "1627"]
[BlackElo "1813"]
[PlyCount "112"]
[EventDate "2010.07.31"]
[EventType "swiss"]
[EventRounds "10"]
[EventCountry "DEN"]
[Source "ChessBase"]
[SourceDate "2010.09.01"]

1. d4 Nf6 2. c4 e6 3. Nf3 b6 4. g3 Bb7 5. Bg2 c5 6. O-O cxd4 7. Nxd4 Bxg2 8.
Kxg2 Be7 9. Bf4 O-O 10. Nc3 a6 11. e4 d6 12. e5 dxe5 13. Bxe5 Nfd7 14. Bxb8
Nxb8 15. Qf3 Ra7 16. Rad1 Qc8 17. b3 Rd8 18. Nde2 Rad7 19. Rxd7 Rxd7 20. Rd1
Nc6 21. Rxd7 Qxd7 22. Na4 b5 23. cxb5 axb5 24. Nac3 b4 25. Na4 g6 26. Nb6 Qc7
27. Nc4 Ne5 28. Qe4 Qc6 29. Qxc6 Nxc6 30. Kf3 f5 31. Ke3 Kf7 32. f3 e5 33. Nc1
Bg5+ 34. f4 exf4+ 35. gxf4 Be7 36. Nd3 Kg7 37. h3 Kh6 38. Kf3 Kh5 39. Kg3 Nd4
40. Nb6 Ne2+ 41. Kf3 Nc3 42. Nc1 Kh4 43. Nc4 Kxh3 44. Ne3 h6 45. Nc2 g5 46.
fxg5 hxg5 47. Ne3 g4+ 48. Kf4 g3 49. Nd3 Nd5+ 50. Nxd5 g2 51. Nxe7 g1=Q 52.
Nxf5 Qg4+ 53. Ke5 Qe2+ 54. Kd4 Qxa2 55. Nxb4 Qf2+ 56. Ke5 Qe1+ 0-1

[Event "32. Copenhagen Open (Politiken Cup)"]
[Site "Elsinore"]
[Date "2010.08.05"]
[Round "7"]
[White "Brondt, Nicolai Kvist"]
[Black "Bejtovic, Jasmin"]
[Result "0-1"]
[WhiteElo "2152"]
[BlackElo "2382"]
[PlyCount "92"]
[EventDate "2010.07.31"]
[EventType "swiss"]
[EventRounds "10"]
[EventCountry "DEN"]
[Source "ChessBase"]
[SourceDate "2010.09.01"]

1. d4 Nf6 2. Nf3 g6 3. c4 Bg7 4. Nc3 O-O 5. g3 d6 6. Bg2 Nc6 7. O-O a6 8. Qd3
e5 9. d5 Ne7 10. e4 Nd7 11. Be3 h6 12. Qd2 Kh7 13. Ne1 f5 14. f3 f4 15. gxf4
exf4 16. Bxf4 g5 17. Be3 Ne5 18. b3 b5 19. cxb5 axb5 20. Rc1 Bd7 21. Nd3 N7g6
22. Nxe5 Bxe5 23. Ne2 Nf4 24. Nxf4 gxf4 25. Bd4 Bxd4+ 26. Qxd4 Rxa2 27. Ra1
Rxa1 28. Rxa1 Rg8 29. Ra2 Rg7 30. b4 Bh3 31. Kh1 Qh4 32. Qc3 Qg5 33. Qb2 h5 34.
Qf2 Bd7 35. Qd4 h4 36. Bf1 h3 37. Qf2 Qf6 38. Rc2 Bc8 39. Rc1 Kh8 40. Rc2 Kg8
41. Qa7 Qd8 42. Qa8 Kh7 43. Bxh3 Qh4 44. Bg4 Qe1+ 45. Kg2 Bxg4 46. fxg4 Qxe4+
0-1

[Event "32. Copenhagen Open (Politiken Cup)"]
[Site "Elsinore"]
[Date "2010.08.05"]
[Round "7"]
[White "Petersen, Nils"]
[Black "Haubro, Sigfred"]
[Result "1/2-1/2"]
[WhiteElo "2053"]
[BlackElo "2166"]
[PlyCount "24"]
[EventDate "2010.07.31"]
[EventType "swiss"]
[EventRounds "10"]
[EventCountry "DEN"]
[Source "ChessBase"]
[SourceDate "2010.09.01"]

1. c4 f5 2. d4 Nf6 3. g3 e6 4. Bg2 Be7 5. Nc3 O-O 6. Nf3 d5 7. b3 c6 8. O-O Qe8
9. a4 Nbd7 10. Ba3 Bxa3 11. Rxa3 Ne4 12. Qc2 Qe7 1/2-1/2

[Event "32. Copenhagen Open (Politiken Cup)"]
[Site "Elsinore"]
[Date "2010.08.05"]
[Round "7"]
[White "Portisch, Lajos"]
[Black "Hansen, Sune Berg"]
[Result "1/2-1/2"]
[WhiteElo "2539"]
[BlackElo "2595"]
[PlyCount "44"]
[EventDate "2010.07.31"]
[EventType "swiss"]
[EventRounds "10"]
[EventCountry "DEN"]
[Source "ChessBase"]
[SourceDate "2010.09.01"]

1. d4 Nf6 2. c4 e6 3. Nc3 Bb4 4. e3 O-O 5. Bd3 c5 6. Nge2 d5 7. cxd5 cxd4 8.
exd4 Nxd5 9. O-O Nc6 10. a3 Bd6 11. Ne4 Be7 12. Qc2 e5 13. N4g3 Nf6 14. dxe5
Nxe5 15. Bf5 g6 16. Bf4 Nc6 17. Rfd1 Qb6 18. Be3 Qa5 19. Bd3 Ng4 20. Bd2 Qb6
21. Be1 Be6 22. Bc4 Qc5 1/2-1/2

[Event "32. Copenhagen Open (Politiken Cup)"]
[Site "Elsinore"]
[Date "2010.08.05"]
[Round "7"]
[White "Postny, Evgeny"]
[Black "Brunello, Sabino"]
[Result "1-0"]
[WhiteElo "2577"]
[BlackElo "2488"]
[PlyCount "45"]
[EventDate "2010.07.31"]
[EventType "swiss"]
[EventRounds "10"]
[EventCountry "DEN"]
[Source "ChessBase"]
[SourceDate "2010.09.01"]

1. d4 Nf6 2. c4 e6 3. Nf3 b6 4. g3 Bb7 5. Bg2 Be7 6. Nc3 O-O 7. O-O Ne4 8. Bd2
Bf6 9. Qc2 Nxd2 10. Qxd2 d6 11. e4 Nd7 12. Rfe1 g6 13. Rad1 Bg7 14. h4 h5 15.
Ng5 Qe7 16. f4 f6 17. e5 fxg5 18. Bxb7 gxf4 19. exd6 cxd6 20. Rxe6 Qd8 21. Bxa8
Qxa8 22. Nd5 fxg3 23. Qg5 1-0

[Event "32. Copenhagen Open (Politiken Cup)"]
[Site "Elsinore"]
[Date "2010.08.05"]
[Round "7"]
[White "Ramme, Christoph"]
[Black "Nielsen, Jens Holm"]
[Result "1-0"]
[WhiteElo "2062"]
[BlackElo "1901"]
[PlyCount "75"]
[EventDate "2010.07.31"]
[EventType "swiss"]
[EventRounds "10"]
[EventCountry "DEN"]
[Source "ChessBase"]
[SourceDate "2010.09.01"]

1. d4 d5 2. c4 c6 3. Nf3 g6 4. Bf4 Bg7 5. cxd5 cxd5 6. Nc3 Nf6 7. e3 O-O 8. Bd3
a6 9. h3 Nc6 10. O-O b5 11. Rc1 Bb7 12. a3 Rc8 13. b4 e6 14. Qb3 Qe7 15. Na2
Nd7 16. a4 bxa4 17. Qxa4 Nb6 18. Qb3 Na7 19. Rc5 Qd7 20. Rfc1 Rfe8 21. Rc7 Qd8
22. Rxb7 Rxc1+ 23. Nxc1 e5 24. Nxe5 Qc8 25. Rxa7 Qxc1+ 26. Kh2 f6 27. Nd7 Nc4
28. Qc2 Qxc2 29. Bxc2 g5 30. Bg3 h5 31. h4 Nd2 32. Bd3 g4 33. Rxa6 Rc8 34. Nc5
Bf8 35. Ra2 Bxc5 36. bxc5 Nb3 37. Rb2 Nc1 38. Bf5 1-0

[Event "32. Copenhagen Open (Politiken Cup)"]
[Site "Elsinore"]
[Date "2010.08.05"]
[Round "7"]
[White "Rej, Tomek"]
[Black "Andersson, Christin"]
[Result "1-0"]
[WhiteElo "2334"]
[BlackElo "2129"]
[PlyCount "97"]
[EventDate "2010.07.31"]
[EventType "swiss"]
[EventRounds "10"]
[EventCountry "DEN"]
[Source "ChessBase"]
[SourceDate "2010.09.01"]

1. e4 e6 2. d4 d5 3. Nc3 Nc6 4. Nf3 Bb4 5. Bg5 f6 6. exd5 Nce7 7. Bd2 Nxd5 8.
Bd3 Nge7 9. O-O Nxc3 10. bxc3 Bd6 11. Nh4 O-O 12. Qh5 f5 13. Rfe1 Nd5 14. Nf3
Bf4 15. Bxf4 Nxf4 16. Qg5 Qxg5 17. Nxg5 Nxd3 18. cxd3 Re8 19. d5 e5 20. f4 h6
21. Nf3 e4 22. dxe4 Rxe4 23. Rxe4 fxe4 24. Nd4 b6 25. Re1 Bb7 26. Ne6 c6 27. d6
Kf7 28. f5 Bc8 29. Rxe4 Bd7 30. Nc7 Rd8 31. Re7+ Kf6 32. g4 h5 33. h3 Bc8 34.
Ne8+ Kg5 35. Rxg7+ Kf4 36. Re7 Bd7 37. Nf6 Bxf5 38. Nxh5+ Kg5 39. Re5 Rxd6 40.
Rxf5+ Kh4 41. Rf3 Rd1+ 42. Kf2 Rd2+ 43. Ke3 Rxa2 44. Kf4 Ra4+ 45. Kf5 Ra5+ 46.
Kf6 Rd5 47. Nf4 Rd6+ 48. Kf5 a5 49. Ng2# 1-0

[Event "32. Copenhagen Open (Politiken Cup)"]
[Site "Elsinore"]
[Date "2010.08.05"]
[Round "7"]
[White "Roelvaag, Mikael"]
[Black "Nielsen, Aage Sondergaard"]
[Result "1-0"]
[WhiteElo "2187"]
[BlackElo "1944"]
[PlyCount "69"]
[EventDate "2010.07.31"]
[EventType "swiss"]
[EventRounds "10"]
[EventCountry "DEN"]
[Source "ChessBase"]
[SourceDate "2010.09.01"]

1. c4 Nf6 2. d4 g6 3. Nc3 Bg7 4. e4 d6 5. f3 O-O 6. Bg5 c5 7. d5 Na6 8. Qd2 Qa5
9. Nge2 Bd7 10. Nc1 h6 11. Be3 Ne8 12. a4 Kh7 13. Ra3 Nb4 14. Be2 Qd8 15. a5
Nc7 16. O-O f5 17. Nd3 Qe8 18. exf5 Bxf5 19. Ne4 Nca6 20. Ndf2 Nc7 21. g4 Bd7
22. f4 Rh8 23. Ng3 Qf7 24. f5 Ne8 25. Nd3 Kg8 26. Nxb4 cxb4 27. Qxb4 Nf6 28.
Qxb7 Rf8 29. Qxa7 gxf5 30. gxf5 Kh7 31. Qd4 Be8 32. Qh4 Kg8 33. b4 Nh7 34. a6
Be5 35. a7 1-0

[Event "32. Copenhagen Open (Politiken Cup)"]
[Site "Elsinore"]
[Date "2010.08.05"]
[Round "7"]
[White "Rosenkilde, Alexander"]
[Black "Jensen, Michael Agermose"]
[Result "1-0"]
[WhiteElo "2204"]
[BlackElo "2084"]
[PlyCount "61"]
[EventDate "2010.07.31"]
[EventType "swiss"]
[EventRounds "10"]
[EventCountry "DEN"]
[Source "ChessBase"]
[SourceDate "2010.09.01"]

1. d4 f5 2. g3 Nf6 3. Bg2 g6 4. Nf3 Bg7 5. O-O O-O 6. b3 d6 7. Bb2 Ne4 8. Nbd2
Nc6 9. Ne1 Nxd2 10. Qxd2 e5 11. Bd5+ Kh8 12. Bxc6 bxc6 13. dxe5 dxe5 14. Qc3
Qd4 15. Qxc6 Qxb2 16. Nd3 Bb7 17. Qxb7 Qxc2 18. Rac1 Qxe2 19. Nc5 Rae8 20. Nd7
Rf7 21. Rxc7 e4 22. Rc8 Rfe7 23. Qb8 Rxd7 24. Rxe8+ Bf8 25. Rxf8+ Kg7 26. Rg8+
Kf6 27. Qf8+ Kg5 28. Qe8 Rd1 29. Qe7+ Kg4 30. Qh4+ Kf3 31. Qf4# 1-0

[Event "32. Copenhagen Open (Politiken Cup)"]
[Site "Elsinore"]
[Date "2010.08.05"]
[Round "7"]
[White "Rostgaard, Tobias Valentin"]
[Black "Kaaber Hansen, Jacob"]
[Result "0-1"]
[WhiteElo "2103"]
[BlackElo "2232"]
[PlyCount "84"]
[EventDate "2010.07.31"]
[EventType "swiss"]
[EventRounds "10"]
[EventCountry "DEN"]
[Source "ChessBase"]
[SourceDate "2010.09.01"]

1. Nf3 c5 2. g3 g6 3. Bg2 Bg7 4. c4 Nc6 5. O-O e5 6. Nc3 Nge7 7. d3 O-O 8. Ne1
Rb8 9. Nc2 a6 10. a4 d6 11. Rb1 a5 12. Nd5 Nxd5 13. cxd5 Ne7 14. Na3 b6 15. Qb3
h6 16. Nc4 Ba6 17. Bd2 Kh7 18. Bc3 Nf5 19. e3 Qc7 20. Qc2 Ne7 21. f4 f6 22. b3
Bb7 23. e4 Rbe8 24. Rf2 Bc8 25. Rbf1 Kg8 26. h3 Ba6 27. Qe2 Bc8 28. Kh2 exf4
29. Rxf4 Nxd5 30. Qb2 Nxf4 31. gxf4 Be6 32. Kh1 f5 33. Bxg7 Qxg7 34. Qxg7+ Kxg7
35. Nxd6 Rd8 36. e5 Rxd6 37. exd6 Rd8 38. Bc6 Rxd6 39. Bb5 Bxb3 40. Re1 Rd4 41.
Re7+ Kf6 42. Rb7 Bd5+ 0-1